Statistieken voor Kaart van de Verenigde Staten Quiz

Klik hier om de quiz te nemen!

Algemene statistieken

  • Deze quiz is 2.307 keer genomen
  • De gemiddelde score is 28 van 50

Antwoorden op de kaart

Antwoorden kleurgecodeerd door een groen-rode schaal op de quizkaart volgens % correct hieronder.
 

Antwoordstatistieken

Antwoord% Correct
Alaska
90%
Californië
89%
Hawaï
88%
Texas
84%
Washington
82%
Florida
79%
New Mexico
71%
New York
66%
Oregon
66%
Arizona
63%
Nevada
58%
North Carolina
58%
South Dakota
58%
Alabama
57%
Georgia
57%
Louisiana
57%
Maine
57%
North Dakota
57%
South Carolina
57%
Michigan
56%
Tennessee
56%
West Virginia
56%
Virginia
55%
Rhode Island
54%
Mississippi
53%
Pennsylvania
53%
Kentucky
52%
Montana
52%
New Jersey
51%
Idaho
50%
Utah
50%
Vermont
50%
Colorado
49%
Illinois
49%
Ohio
49%
Delaware
48%
Maryland
48%
Massachusetts
48%
Oklahoma
48%
Connecticut
46%
Indiana
46%
Minnesota
46%
Wyoming
45%
New Hampshire
44%
Wisconsin
44%
Kansas
43%
Nebraska
42%
Arkansas
41%
Iowa
40%
Missouri
39%

Scoreverdeling

Percentiel versus Aantal Correcte Antwoorden

Procent van Mensen met Elke Score

Uw Scoregeschiedenis

U heeft deze quiz nog niet genomen